01009 a2200301 4500003000500000005001700005020002200022020002500044035002100069035002400090040000900114082001200123100002400135245010800159250001200267260005300279300004800332650002700380650004100407650004200448650001100490651001100501700003000512700002900542942001200571999001900583952010500602Nust20170207171536.0 a0070702624 (pbk.) a9780070702622 (pbk.) a(OCoLC)681842723 a(OCoLC)ocn681842723 cNust04a621.3671 aGonzalez, Rafael C.10aDigital image processing using MATLAB (E-BOOK)cRafael C. Gonzalez, Richard E, Woods, Steven L. Eddins. a2nd ed. aNew Delhi :bTata McGraw Hill Education,cc2010. axviii, 738 p. :bill. (some col.) ;c25 cm. 0aDigital bildbehandling 0aImage processingxDigital techniques 0aImage processingxDigital techniques. 0aMATLAB xE-BOOK1 aEddins, Steven L.,d1964-1 aWoods, Richard E.d1954- 2ddccBK c217261d217261 00102ddc40708NFICaMCSbMCSd2016-12-12l0o621.367 GONpMCSEB-3459r2016-12-08w2016-12-12yBK